Health program management : (Record no. 60356)

MARC details
000 -LEADER
fixed length control field 01159cam a2200361 i 4500
001 - CONTROL NUMBER
control field 18126355
003 - CONTROL NUMBER IDENTIFIER
control field OSt
005 - DATE AND TIME OF LATEST TRANSACTION
control field 20260415134124.0
008 - FIXED-LENGTH DATA ELEMENTS--GENERAL INFORMATION
fixed length control field 140422s2015 caua b 001 0 eng
010 ## - LIBRARY OF CONGRESS CONTROL NUMBER
LC control number 2014015932
020 ## - INTERNATIONAL STANDARD BOOK NUMBER
International Standard Book Number 9781118834701
035 ## - SYSTEM CONTROL NUMBER
System control number 18126355
035 ## - SYSTEM CONTROL NUMBER
System control number (DNLM)101630978
042 ## - AUTHENTICATION CODE
Authentication code pcc
050 00 - LIBRARY OF CONGRESS CALL NUMBER
Classification number RA427
Item number .L64 2015
060 10 - NATIONAL LIBRARY OF MEDICINE CALL NUMBER
Classification number W 84.1
082 00 - DEWEY DECIMAL CLASSIFICATION NUMBER
Classification number 610.68/5
Edition number 23
100 1# - MAIN ENTRY--PERSONAL NAME
Personal name Longest, Beaufort B.,
Relator term author.
240 10 - UNIFORM TITLE
Uniform title <a href="Managing health programs and projects">Managing health programs and projects</a>
245 10 - TITLE STATEMENT
Title Health program management :
Remainder of title from development through evaluation /
250 ## - EDITION STATEMENT
Edition statement Second edition.
260 ## - PUBLICATION, DISTRIBUTION, ETC. (IMPRINT)
Place of publication, distribution, etc San Francisco:
Name of publisher, distributor, etc Jossey- Bass
Date of publication, distribution, etc 2015
300 ## - PHYSICAL DESCRIPTION
Extent xxiii, 357 pages :
Other physical details illustrations ;
Dimensions 24 cm
504 ## - BIBLIOGRAPHY, ETC. NOTE
Bibliography, etc Includes bibliographical references and index.
650 12 - SUBJECT ADDED ENTRY--TOPICAL TERM
Topical term or geographic name as entry element Health Planning
General subdivision methods.
650 12 - SUBJECT ADDED ENTRY--TOPICAL TERM
Topical term or geographic name as entry element Health Services Administration.
650 22 - SUBJECT ADDED ENTRY--TOPICAL TERM
Topical term or geographic name as entry element Organizational Innovation.
650 22 - SUBJECT ADDED ENTRY--TOPICAL TERM
Topical term or geographic name as entry element Program Evaluation.
650 22 - SUBJECT ADDED ENTRY--TOPICAL TERM
Topical term or geographic name as entry element Total Quality Management.
906 ## - LOCAL DATA ELEMENT F, LDF (RLIN)
a 7
b cbc
c orignew
d 1
e ecip
f 20
g y-gencatlg
942 ## - ADDED ENTRY ELEMENTS (KOHA)
Source of classification or shelving scheme Library of Congress Classification
Item type Book
Holdings
Withdrawn status Lost status Source of classification or shelving scheme Damaged status Not for loan Collection code Home library Current library Shelving location Date acquired Source of acquisition Coded location qualifier Total Checkouts Full call number Barcode Date last seen Copy number Price effective from Koha item type
    Library of Congress Classification     Non-fiction Bishop Okullu Memorial Library (Limuru Campus) Bishop Okullu Memorial Library (Limuru Campus) Processing Center 15/04/2026 Donation- Pittsburgh 6481   RA427 .L64 2015 073325 15/04/2026 1 15/04/2026 Book